000 00418nam a2200181Ia 4500
003 OSt
005 20220913115101.0
008 210210b1952 xxu||||| |||| 00| 0 eng d
040 _cAL
041 _aeng
082 _a330/375
100 _aSALDANHA (C A)
_957316
245 _aFamily planning
260 _aMangalore
_bCodial Bail Press
_c1952
690 _aEconomics
_957317
906 _a003778
942 _2ddc
_cBK
999 _c120723
_d120723